| 000 | 01027nam a2200253 a 4500 | ||
|---|---|---|---|
| 001 | 83375 | ||
| 003 | BD-RjUL | ||
| 005 | 20240318113135.0 | ||
| 008 | 240318s2008 bg a|||| m||| 00| 0 eng d | ||
| 035 | _a(BD-RjUL)83375 | ||
| 040 |
_aBD-RjUL _beng _cBD-RjUL _dBD-RjUL |
||
| 041 | _aeng | ||
| 082 |
_223 _a368.20095492 _bASP 2008 |
||
| 100 |
_aAshrafuzzaman, Md. _91200 |
||
| 245 | 1 | 0 |
_aPostal Life Insurance Business in Bangladesh : _bIts Growth, Problems and Prospects / _cBy Md. Ashrafuzzaman ; _6Supervisor : Md. Akhtar Uddin, Co-Supervisor : M. Mohsin-ul Islam |
| 260 |
_aRajshahi : _bInstitute of Bangladesh Studies (IBS), University of Rajshahi, _c2008 |
||
| 300 |
_axxi, 235 Leaves : _bill, ; _c29 cm. |
||
| 502 | _aThesis (Ph. D.) -- Institute of Bangladesh Studies (IBS), University of Rajshahi, 2008 | ||
| 504 | _aBibliography : Leaves 213-221 | ||
| 650 |
_aInsurance _zBangladesh _912376 |
||
| 700 |
_aUddin, Md. Akhtar, Supervisor _94029 |
||
| 700 |
_aIslam, M. Mohsin-ul, Co-Supervisor _912377 |
||
| 942 |
_2ddc _cTHE |
||
| 999 |
_c83375 _d83375 |
||